Escape from Oblivion : (Record no. 332312)

000 -LEADER
fixed length control field 01245cam a2200337 a 4500
001 - CONTROL NUMBER
control field 17393917
003 - CONTROL NUMBER IDENTIFIER
control field NUST
005 - DATE AND TIME OF LATEST TRANSACTION
control field 20171123110143.0
008 - FIXED-LENGTH DATA ELEMENTS--GENERAL INFORMATION
fixed length control field 120720s2012 pk b 001 0deng
010 ## - LIBRARY OF CONGRESS CONTROL NUMBER
LC control number 2012430256
020 ## - INTERNATIONAL STANDARD BOOK NUMBER
International Standard Book Number 9780199066070
025 ## - OVERSEAS ACQUISITION NUMBER
Overseas acquisition number P-E-2012430256; 31
037 ## - SOURCE OF ACQUISITION
Source of stock number/acquisition Library of Congress -- Islamabad Overseas Office
Terms of availability Rs 695
040 ## - CATALOGING SOURCE
Original cataloging agency DLC
Transcribing agency DLC
042 ## - AUTHENTICATION CODE
Authentication code lcode
-- pcc
043 ## - GEOGRAPHIC AREA CODE
Geographic area code a-pk---
050 00 - LIBRARY OF CONGRESS CALL NUMBER
Classification number DS388
Item number .S456 2012
082 ## - DEWEY DECIMAL CLASSIFICATION NUMBER
Classification number 954.9104 SEH
100 1# - MAIN ENTRY--PERSONAL NAME
Personal name Sehgal, Ikram.
9 (RLIN) 6732
245 10 - TITLE STATEMENT
Title Escape from Oblivion :
Remainder of title the story of a Pakistani prisoner of war in India /
Statement of responsibility, etc. Ikram Sehgal.
260 ## - PUBLICATION, DISTRIBUTION, ETC.
Place of publication, distribution, etc. Karachi :
Name of publisher, distributor, etc. Oxford University Press,
Date of publication, distribution, etc. 2012.
300 ## - PHYSICAL DESCRIPTION
Extent 138p. :
Other physical details folded map ;
Dimensions 22 cm.
500 ## - GENERAL NOTE
General note Includes index.
501 ## - WITH NOTE
With note H.B
600 10 - SUBJECT ADDED ENTRY--PERSONAL NAME
Personal name Sehgal, Ikram.
9 (RLIN) 6732
650 #0 - SUBJECT ADDED ENTRY--TOPICAL TERM
Topical term or geographic name entry element India-Pakistan Conflict, 1971
General subdivision Prisoners and prisons, East Indian.
9 (RLIN) 6733
650 #0 - SUBJECT ADDED ENTRY--TOPICAL TERM
Topical term or geographic name entry element India-Pakistan Conflict, 1971
Form subdivision Personal narratives, Pakistani.
9 (RLIN) 6734
906 ## - LOCAL DATA ELEMENT F, LDF (RLIN)
a 7
b cbc
c origode
d 3
e ncip
f 20
g y-gencatlg
942 ## - ADDED ENTRY ELEMENTS (KOHA)
Source of classification or shelving scheme
Koha item type Book
Call number prefix IESE
Holdings
Withdrawn status Lost status Source of classification or shelving scheme Damaged status Not for loan Collection code Permanent Location Current Location Shelving location Date acquired Total Checkouts Full call number Barcode Date last seen Price effective from Koha item type
            Institute of Environmental Science and Engineering (IESE) Institute of Environmental Science and Engineering (IESE) Fiction 11/23/2017   954.9104 SEH IESE-2746 11/23/2017 11/23/2017 Book
            Institute of Environmental Science and Engineering (IESE) Institute of Environmental Science and Engineering (IESE) General Stacks 06/26/2018   954.9104 SEH IESE-2745 06/26/2018 06/26/2018 Book
© 2023 Central Library, National University of Sciences and Technology. All Rights Reserved.